000 00437nam a2200181 i 4500
001 bg
100 1 _aHALMAS, F.
245 0 _aOptimization of Design and.. /
_cF. Halmas, J. Somagyi.
260 _aBudapest :
_bAkademiai Kiado,
_c1979.
700 1 _aSOMAGYI, J.
020 _a9630517167
040 _cBPK
041 _apol
080 _a528
920 _a963-05-1716-7
942 _cKS
008 s pl f |000 0 pol
999 _c19411
_d19411
856 _uhttp://koha.tu.koszalin.pl/cgi-bin/koha/opac-detail.pl?biblionumber=19411
_yKatalog online BPK